000 01214nam a22002777a 4500
003 OSt
005 20230119111554.0
007 cr ||||||a|c|a
008 230113b2021 mx ||||fom||| 001 0 spa d
040 _erda
100 1 _9185888
_aPeña Ortega, Oscar Daniel
245 1 _aApoyo técnico al plan de trabajo general de la dirección general de desarrollo económico y rural de la Alcadía de Tláhuac, Ciudad de México /
_cpor Oscar Daniel Peña Ortega; director de tesis Leopoldo Mohedano Caballero
264 1 _aChapingo, México :
_bEl autor,
_c2021.
300 _a1 recurso en línea (74 páginas).
336 _2rdacontent
_atexto
_btxt
337 _2rdamedia
_acomputadora
_bc
338 _2rdacarrier
_arecurso en línea
_bcr
502 _bIRF
_cDICIFO
_d2021.
_gLIC
504 _aIncluye referencias bibliográficas: páginas 74
650 4 _9144703
_aBosques
_x Regeneración
650 4 _914336
_aBosques
_xMedidas de seguridad
650 4 _914240
_aBosques
_xInventarios
700 1 _977285
_aMohedano Caballero, Leopoldo
_eDirector de tesis
856 _uhttp://10.13.5.2/tesis/tl/2021_FO_Pena_Ortega_OscarDaniel.pdf
_zDESCARGAR PDF
942 _2Clasificación Universidad Autónoma Chapingo
_cTD
999 _c218002
_d218002